LEADER 00971nam-a2200349---45-- 001 990006119340203316 005 20160202141232.0 010 $a978-88-8272-3774 035 $a000611934 035 $aUSA01000611934 035 $a(ALEPH)000611934USA01 035 $a000611934 100 $a20160202d2008----km-y0itay50------ba 101 $aita 102 $aIT 105 $a||||||||001yy 200 1 $aConvivere nel pluralismo$fRoberto De Vita 210 $aSiena$cCantagalli$d2008 215 $a190 p.$d21 cm 606 0 $aPluralismo$2BNCF 676 $a320.011 700 1$aDE VITA,$bRoberto$0119708 801 0$aIT$bsalbc$gISBD 912 $a990006119340203316 951 $aII.5. 8122$b245624 L.M.$cII.5.$d386923 959 $aBK 969 $aUMA 979 $aCHIARA$b90$c20160202$lUSA01$h1141 979 $aCHIARA$b90$c20160202$lUSA01$h1142 979 $aCHIARA$b90$c20160202$lUSA01$h1412 996 $aConvivere nel pluralismo$9245006 997 $aUNISA